Mein Vater schrie jede Nacht im Schlaf

Titel: Mein Vater schrie jede Nacht im Schlaf : 1945 musste mein Vater aus Schlesien flüchten, damals war er neun Jahre alt : diese Flucht wirkt in unserer Familie nach : eine Erinnerung / von Markus Deggerich
Verfasser:
In: Verlorene Heimat, (2024), Seite 71-81
alle Artikel anzeigen
Veröffentlicht: [2024]
Umfang: 1 Illustration
Format: Aufsatz
Sprache: Deutsch
Schlagworte:
Kein Bild verfügbar
X
alg: 53282846
001A    $03025:25-08-25 
001B    $03025:25-08-25 $t13:08:20.000 
001D    $03025:25-08-25 
001U    $0utf8 
001X    $00 
002@    $0Aou 
002C    $aText $btxt $2rdacontent 
002D    $aohne Hilfsmittel zu benutzen $bn $2rdamedia 
002E    $aBand $bnc $2rdacarrier 
003@    $0532828461 
010@    $ager 
010E    $erda 
011@    $a2024 $n[2024] 
021A    $aMein Vater schrie jede Nacht im Schlaf $d1945 musste mein Vater aus Schlesien flüchten, damals war er neun Jahre alt : diese Flucht wirkt in unserer Familie nach : eine Erinnerung $hvon Markus Deggerich 
028A    $BVerfasser $4aut $8Deggerich, Markus$Z1969- [Tp3] $9452632765 
031A    $g11 $h71-81 $j2024 
034M    $a1 Illustration 
039B    $aEnthalten in $8--Aau--. Verlorene Heimat. - 1. Auflage. - München : Deutsche Verlags-Anstalt, [2024]. - 235 Seiten. - Illustrationen, Karten. - ISBN 978-3-421-07040-1 $x202400000000000929 $952441646X 
044K    $RPolen $RNiederschlesien $ROberschlesien $RNiederschlesien $ROberschlesien $#Schlesien $#Schlesien $#Herzogtum Schlesien $#Herzogtum Schlesien Schlesien $#Provinz Schlesien $#Śla̜sk $#Slezsko $#Silesia $74052678-1 $8Schlesien [Tg1] $9085146781 
044K    $#Harz $#Harzregion $74023568-3 $8Harz [Tg1] $9085058319 
044K    $RAuswanderung $RVertreibung $#Escapes $#Évasions $#Flucht $#Flucht $#Entweichen Flucht $#Entfliehen $74017598-4 $8Flucht [Ts1] $9085041114 
044K    $RGedächtnis $RGedenken $#Recollection (Psychology) $#Rappel (psychologie) $#Erinnerung $#Erinnern $74015272-8 $8Erinnerung [Ts1] $9085034711 
044K    $RBewältigung $#Mémoire collective $#Vergangenheitsbewältigung $#Vergangenheitsbewältigung $#"Unbewältigte" Vergangenheit $#Vergangenheit Aufarbeitung $#Vergangenheitsaufarbeitung $#Aufarbeitung Vergangenheit $74061672-1 $8Vergangenheitsbewältigung [Ts1] $9085171298 
044K    $RSozialarbeit $#Aide aux réfugiés $#Flüchtlingshilfe $74128300-4 $8Flüchtlingshilfe [Ts1] $9085444782 
045F    $a907.10943809045 $eDDC23BSB 
045F/01 $a907.1 
045F/03 $f09045 
045F/03 $g4385 
045F/03 $g43 
045R    $aSozialgeschichte 1945-2015 

lok: 53282846 78

exp: 53282846 78 1 #EPN
201B/01 $025-08-25 $t13:04:59.000 
201C/01 $025-08-25 
201U/01 $0utf8 
203@/01 $01316919579 
208@/01 $a25-08-25 $be 
209A/01 $a/ $f000 $x00 
209A/01 $ab*p $x01 
220C/01 $akoe 
247C/01 $82080>Marburg/Lahn, Herder-Institut, Forschungsbibliothek, Bibliographieportal $9336309341
LEADER 00000naa a2200000 c 4500
001 532828461
003 DE-603
005 20250825130820.0
007 tu
008 250825s2024 xx |||| | u00||u|ger c
035 |a (DE-599)HEB532828461 
040 |a DE-603  |b ger  |c DE-603  |d DE-603  |e rda 
041 |a ger 
082 0 4 |8 1\u  |a 907.10943809045  |q DE-101  |2 23/BSB 
085 |8 1\u  |b 907.1 
085 |8 1\u  |z 1  |s 09045 
085 |8 1\u  |z 2  |s 4385 
085 |8 1\u  |z 2  |s 43 
100 1 |a Deggerich, Markus  |d 1969-  |e Verfasser  |4 aut  |0 (DE-603)452632765  |0 (DE-588)1193930464  |2 gnd 
245 0 0 |a Mein Vater schrie jede Nacht im Schlaf  |b 1945 musste mein Vater aus Schlesien flüchten, damals war er neun Jahre alt : diese Flucht wirkt in unserer Familie nach : eine Erinnerung  |c von Markus Deggerich 
264 0 |c [2024] 
300 |b 1 Illustration 
336 |a Text  |b txt  |2 rdacontent 
337 |a ohne Hilfsmittel zu benutzen  |b n  |2 rdamedia 
338 |a Band  |b nc  |2 rdacarrier 
648 7 |a Sozialgeschichte 1945-2015  |2 gnd 
650 7 |a Flucht  |0 (DE-588)4017598-4  |0 (DE-603)085041114  |2 gnd 
650 7 |a Erinnerung  |0 (DE-588)4015272-8  |0 (DE-603)085034711  |2 gnd 
650 7 |a Vergangenheitsbewältigung  |0 (DE-588)4061672-1  |0 (DE-603)085171298  |2 gnd 
650 7 |a Flüchtlingshilfe  |0 (DE-588)4128300-4  |0 (DE-603)085444782  |2 gnd 
651 7 |a Schlesien  |0 (DE-588)4052678-1  |0 (DE-603)085146781  |2 gnd 
651 7 |a Harz  |0 (DE-588)4023568-3  |0 (DE-603)085058319  |2 gnd 
773 0 8 |i Enthalten in  |t Verlorene Heimat  |b 1. Auflage  |d München : Deutsche Verlags-Anstalt, [2024]  |h 235 Seiten, Illustrationen, Karten  |z 9783421070401  |z 3421070407  |g (2024), Seite 71-81  |w (DE-603)52441646X 
924 0 |9 2080  |a (DE-603)1316919579  |b DE-2080  |c HES  |d d  |g /